000 00506nam a22001337a 4500
082 _a340
_bKHA
100 _aKhan, Abid & Shah, Syed Abbas Ali
245 _aAnalyzing The 26th Amendment in the Context of the Basic Structure Doctrine: Implications for Judicial Independence /
_cAbid Khan & Syed Abbas Ali Shah
260 _aIslamabad :
_bNUST Law School,
_c2025.
300 _a39 p. ;
_c30 CM.
563 _aHBK.
856 _uhttp://10.250.8.41:8080/xmlui/handle/123456789/56171
942 _2ddc
_cBK
999 _c615626
_d615626